The myth of the rational market : (Record no. 18692)
[ view plain ]
| 000 -LEADER | |
|---|---|
| fixed length control field | 01077nam a2200301 a 4500 |
| 001 - CONTROL NUMBER | |
| control field | 015497636 |
| 003 - CONTROL NUMBER IDENTIFIER | |
| control field | OSt |
| 005 - DATE AND TIME OF LATEST TRANSACTION | |
| control field | 20201128021137.0 |
| 008 - FIXED-LENGTH DATA ELEMENTS--GENERAL INFORMATION | |
| fixed length control field | 091002s2010 xxk frb 001 0 eng d |
| 020 ## - INTERNATIONAL STANDARD BOOK NUMBER | |
| International Standard Book Number | 9781906659691 (cased) |
| 020 ## - INTERNATIONAL STANDARD BOOK NUMBER | |
| International Standard Book Number | 1906659699 (cased) |
| 040 ## - CATALOGING SOURCE | |
| Original cataloging agency | UK-WkNB |
| Language of cataloging | eng |
| Transcribing agency | UK-WkNB |
| Modifying agency | Uk |
| -- | EG-ScBUE |
| 082 00 - DEWEY DECIMAL CLASSIFICATION NUMBER | |
| Classification number | 332.6401 |
| Edition number | 22 |
| Item number | FOX |
| 100 1# - MAIN ENTRY--PERSONAL NAME | |
| Personal name | Fox, Justin, |
| Dates associated with a name | 1964- |
| 9 (RLIN) | 36718 |
| 245 14 - TITLE STATEMENT | |
| Title | The myth of the rational market : |
| Remainder of title | a history of risk, reward, and delusion on Wall Street / |
| Statement of responsibility, etc | Justin Fox. |
| 260 ## - PUBLICATION, DISTRIBUTION, ETC. (IMPRINT) | |
| Place of publication, distribution, etc | Petersfield, United Kingdom : |
| Name of publisher, distributor, etc | Harriman House LTD, |
| Date of publication, distribution, etc | 2010. |
| 300 ## - PHYSICAL DESCRIPTION | |
| Extent | xviii, 382 p. ; |
| Dimensions | 24 cm. |
| 500 ## - GENERAL NOTE | |
| General note | First published: New York : Harper Business, 2009. |
| 500 ## - GENERAL NOTE | |
| General note | Index : p. 371-382. |
| 504 ## - BIBLIOGRAPHY, ETC. NOTE | |
| Bibliography, etc | Bibliography : p. 334-370. |
| 650 #0 - SUBJECT ADDED ENTRY--TOPICAL TERM | |
| Topical term or geographic name as entry element | Rational expectations (Economic theory) |
| 9 (RLIN) | 36719 |
| 650 #0 - SUBJECT ADDED ENTRY--TOPICAL TERM | |
| Topical term or geographic name as entry element | Economics |
| General subdivision | Psychological aspects |
| 9 (RLIN) | 36720 |
| 650 #0 - SUBJECT ADDED ENTRY--TOPICAL TERM | |
| Topical term or geographic name as entry element | Economics |
| General subdivision | History |
| 9 (RLIN) | 3123 |
| 651 #0 - SUBJECT ADDED ENTRY--GEOGRAPHIC NAME | |
| Geographic name | Wall Street (New York, N.Y.) |
| 9 (RLIN) | 36721 |
| 653 ## - INDEX TERM--UNCONTROLLED | |
| Resource For college | BAEPS, Business Administration |
| Arrived date list | December2014 |
| 655 ## - INDEX TERM--GENRE/FORM | |
| Form subdivision | |
| -- | 34232 |
| 942 ## - ADDED ENTRY ELEMENTS (KOHA) | |
| Source of classification or shelving scheme | Dewey Decimal Classification |
| Call number prefix | 332.6401 FOX |
| Withdrawn status | Item status | Source of classification or shelving scheme | Damaged status | Not for loan | Vendor | Home library | Current library | Shelving location | Date acquired | Source of acquisition | Cost, normal purchase price | Total Checkouts | Full call number | Barcode | Date last seen | Cost, replacement price | Koha item type |
|---|---|---|---|---|---|---|---|---|---|---|---|---|---|---|---|---|---|
| Dewey Decimal Classification | Baccah | Central Library | Central Library | First floor | 01/12/2014 | 179.00 | 332.6401 FOX | 000037073 | 15/07/2025 | 223.75 | Book - Borrowing |